<?xml version="1.0" encoding="UTF-8"?>
<collection xmlns="http://www.loc.gov/MARC21/slim">
 <record>
  <leader>06580nam a2200481 a 4500</leader>
  <controlfield tag="001">kal2213</controlfield>
  <controlfield tag="003">Gr-AtHEAL</controlfield>
  <controlfield tag="005">20160427083903.0</controlfield>
  <controlfield tag="006">m        d        </controlfield>
  <controlfield tag="008">160413s2015    gr      s           gre|c</controlfield>
  <datafield tag="020" ind1=" " ind2=" ">
   <subfield code="a">9789606034916</subfield>
  </datafield>
  <datafield tag="040" ind1=" " ind2=" ">
   <subfield code="a">GR-AtHEAL</subfield>
   <subfield code="b">gre</subfield>
   <subfield code="c">GR-AtHEAL</subfield>
  </datafield>
  <datafield tag="082" ind1="0" ind2="4">
   <subfield code="a">938</subfield>
   <subfield code="2">23</subfield>
  </datafield>
  <datafield tag="100" ind1="1" ind2=" ">
   <subfield code="a">Μιχαλόπουλος, Χαρίλαος.</subfield>
   <subfield code="8">1884</subfield>
  </datafield>
  <datafield tag="245" ind1="1" ind2="0">
   <subfield code="a">Ρωμαϊκή ερωτική ελεγεία </subfield>
   <subfield code="h">[Ηλεκτρονικός πόρος] </subfield>
   <subfield code="b">Εισαγωγή, κείμενο, μετάφραση, λεξιλόγιο, σχόλια, ασκήσεις</subfield>
   <subfield code="c">Μιχαλόπουλος, Χαρίλαος ; Μιχαλόπουλος, Ανδρέας ; Κριτικός αναγνώστης,Βαϊόπουλος, Βάιος ; Γραφιστική επιμέλεια,Παπαβασιλείου, Σπυρίδων ; Γλωσσική επιμέλεια,Παπαδοπούλου, Ελένη.</subfield>
  </datafield>
  <datafield tag="260" ind1=" " ind2=" ">
   <subfield code="a">Αθήνα :</subfield>
   <subfield code="b">Σύνδεσμος Ελληνικών Ακαδημαϊκών Βιβλιοθηκών,</subfield>
   <subfield code="c">c2015.</subfield>
  </datafield>
  <datafield tag="490" ind1=" " ind2=" ">
   <subfield code="a">Ακαδημαϊκά Ηλεκτρονικά Συγγράμματα και Βοηθήματα Κάλλιπος</subfield>
   <subfield code="8">40</subfield>
  </datafield>
  <datafield tag="520" ind1=" " ind2=" ">
   <subfield code="a">Το βιβλίο αυτό απευθύνεται σε προπτυχιακούς και μεταπτυχιακούς φοιτητές και αποτελεί μια πολύπλευρη πρόταση μελέτης της ρωμαϊκής ερωτικής ελεγείας, η οποία συνδυάζει τη λεπτομερή εισαγωγή με την εξέταση των κυριότερων χαρακτηριστικών του είδους. Η εισαγωγή διαγράφει τις ιστορικο-κοινωνικές και πνευματικές συνθήκες μέσα στις οποίες γεννήθηκε η ρωμαϊκή ελεγεία και παρουσιάζει τα ιδιαίτερα χαρακτηριστικά του είδους σε σύγκριση με την ελληνική (αρχαϊκή και ελληνιστική) ελεγεία. Στον κανόνα των ανδρών ελεγειακών ποιητών προστίθεται και η Σουλπικία, η μόνη ελεγειακή ποιήτρια της Ρώμης, το ελεγειακό έργο της οποίας σώζεται. Το προς εξέταση υλικό οργανώνεται θεματικά ανά κεφάλαια με κριτήριο βασικά χαρακτηριστικά του είδους. Κάθε κεφάλαιο περιλαμβάνει μικρό ανθολόγιο ελεγειών, οι οποίες προέρχονται από το έργο και των τριών ελεγειακών. Έτσι επιτυγχάνεται η παρουσίαση της διαχρονικής εξέλιξης του είδους αλλά και η μελέτη των διακειμενικών ανταλλαγών μεταξύ των ποιητών. Επιπλέον ο διδάσκων έχει τη δυνατότητα να επιλέξει τα κείμενα που εξυπηρετούν καλύτερα το πρόγραμμα της διδασκαλίας του. Έμφαση δίνεται σε ζητήματα γλώσσας, ύφους και αναπαράστασης της ερωτικής επιθυμίας. Για καθεμιά από τις ελεγείες προσφέρεται μετάφραση, αναλυτικό λεξιλόγιο, καθώς και γραμματικο-συντακτική εξομάλυνση των δυσνόητων σημείων. Ο αναλυτικός ερμηνευτικός σχολιασμός με πλούσια βιβλιογραφική υποστήριξη ολοκληρώνεται με γλωσσικές ασκήσεις και ερωτήσεις κατανόησης. Η χρήση πολυμεσικού και διαδραστικού υλικού στο βιβλίο είναι εκτεταμένη. Ο ερμηνευτικός σχολιασμός είναι διάστικτος από υπερσυνδέσμους (links) σε on-line βιβλιογραφικές βάσεις αλλά και σε διαδικτυακές τοποθεσίες που περιέχουν εικόνες, χάρτες, timelines, ηχητικά αποσπάσματα (audio clips) και βίντεο με πλούσιο ενημερωτικό υλικό σχετικά με την ιστορία, τον πολιτισμό και τον καθημερινό βίο στη Ρώμη. Τέλος, επιστρατεύονται on-line παρουσιάσεις, κουίζ και εκπαιδευτικά παιχνίδια προς εμπέδωση και κατανόηση γλωσσικών κυρίως φαινομένων.</subfield>
  </datafield>
  <datafield tag="650" ind1=" " ind2="0">
   <subfield code="a">Elegiac poetry, Latin</subfield>
   <subfield code="8">2601</subfield>
  </datafield>
  <datafield tag="653" ind1=" " ind2=" ">
   <subfield code="a">Ελληνιστική ποίηση</subfield>
  </datafield>
  <datafield tag="653" ind1=" " ind2=" ">
   <subfield code="a">Καλλίμαχος</subfield>
  </datafield>
  <datafield tag="653" ind1=" " ind2=" ">
   <subfield code="a">Ερωτική ποίηση</subfield>
  </datafield>
  <datafield tag="653" ind1=" " ind2=" ">
   <subfield code="a">Κάτουλλος</subfield>
  </datafield>
  <datafield tag="653" ind1=" " ind2=" ">
   <subfield code="a">Σουλπικία</subfield>
  </datafield>
  <datafield tag="653" ind1=" " ind2=" ">
   <subfield code="a">Οβίδιος</subfield>
  </datafield>
  <datafield tag="653" ind1=" " ind2=" ">
   <subfield code="a">Τίβουλλος</subfield>
  </datafield>
  <datafield tag="653" ind1=" " ind2=" ">
   <subfield code="a">Προπέρτιος</subfield>
  </datafield>
  <datafield tag="653" ind1=" " ind2=" ">
   <subfield code="a">Διακειμενικότητα</subfield>
  </datafield>
  <datafield tag="653" ind1=" " ind2=" ">
   <subfield code="a">Αύγουστος</subfield>
  </datafield>
  <datafield tag="653" ind1=" " ind2=" ">
   <subfield code="a">Ρώμη</subfield>
  </datafield>
  <datafield tag="653" ind1=" " ind2=" ">
   <subfield code="a">Ελεγεία</subfield>
  </datafield>
  <datafield tag="653" ind1=" " ind2=" ">
   <subfield code="a">Τέχνες και γράμματα</subfield>
   <subfield code="a">Φιλολογία</subfield>
   <subfield code="a">Κλασική φιλολογία</subfield>
   <subfield code="a">Λατινική φιλολογία</subfield>
  </datafield>
  <datafield tag="653" ind1=" " ind2=" ">
   <subfield code="a">Τέχνες και γράμματα</subfield>
   <subfield code="a">Φιλολογία</subfield>
   <subfield code="a">Λογοτεχνικές μορφές και λογοτεχνικά είδη</subfield>
   <subfield code="a">Ποίηση</subfield>
  </datafield>
  <datafield tag="653" ind1=" " ind2=" ">
   <subfield code="a">Τέχνες και γράμματα</subfield>
   <subfield code="a">Φιλολογία</subfield>
   <subfield code="a">Λογοτεχνία</subfield>
  </datafield>
  <datafield tag="653" ind1=" " ind2=" ">
   <subfield code="a">Τέχνες και γράμματα</subfield>
   <subfield code="a">Φιλολογία</subfield>
  </datafield>
  <datafield tag="653" ind1=" " ind2=" ">
   <subfield code="a">Τέχνες και γράμματα</subfield>
   <subfield code="a">Φιλολογία</subfield>
   <subfield code="a">Εθνικές λογοτεχνίες</subfield>
   <subfield code="a">Ευρωπαϊκή λογοτεχνία</subfield>
   <subfield code="a">Λατινική λογοτεχνία</subfield>
  </datafield>
  <datafield tag="700" ind1="1" ind2=" ">
   <subfield code="a">Μιχαλόπουλος, Ανδρέας</subfield>
   <subfield code="e">Συγγραφέας</subfield>
   <subfield code="8">1885</subfield>
  </datafield>
  <datafield tag="700" ind1="1" ind2=" ">
   <subfield code="a">Βαϊόπουλος, Βάιος</subfield>
   <subfield code="e">Κριτικός αναγνώστης</subfield>
   <subfield code="8">1886</subfield>
  </datafield>
  <datafield tag="856" ind1="4" ind2="0">
   <subfield code="u">http://hdl.handle.net/11419/2213</subfield>
   <subfield code="z">Πλήρες Κείμενο - Full text</subfield>
  </datafield>
  <datafield tag="907" ind1=" " ind2=" ">
   <subfield code="a">.b25677731</subfield>
   <subfield code="b">12-06-18</subfield>
   <subfield code="c">29-07-16</subfield>
  </datafield>
  <datafield tag="949" ind1=" " ind2=" ">
   <subfield code="0">0</subfield>
   <subfield code="1">0</subfield>
   <subfield code="2">ddc</subfield>
   <subfield code="4">0</subfield>
   <subfield code="6">938_000000000000000_ΜΙΧ</subfield>
   <subfield code="7">0</subfield>
   <subfield code="8">KALL</subfield>
   <subfield code="8">531</subfield>
   <subfield code="d">2016-04-13</subfield>
   <subfield code="r">2016-04-13</subfield>
   <subfield code="w">2016-04-13</subfield>
   <subfield code="z">938 ΜΙΧ</subfield>
   <subfield code="o">SEAB KALLIPOS</subfield>
  </datafield>
  <datafield tag="998" ind1=" " ind2=" ">
   <subfield code="a">80</subfield>
   <subfield code="a">01</subfield>
   <subfield code="a">02</subfield>
   <subfield code="a">03</subfield>
   <subfield code="a">04</subfield>
   <subfield code="a">05</subfield>
   <subfield code="a">06</subfield>
   <subfield code="a">07</subfield>
   <subfield code="a">08</subfield>
   <subfield code="a">09</subfield>
   <subfield code="a">10</subfield>
   <subfield code="a">11</subfield>
   <subfield code="a">12</subfield>
   <subfield code="a">13</subfield>
   <subfield code="a">14</subfield>
   <subfield code="a">15</subfield>
   <subfield code="a">16</subfield>
   <subfield code="a">17</subfield>
   <subfield code="a">18</subfield>
   <subfield code="a">19</subfield>
   <subfield code="a">20</subfield>
   <subfield code="a">21</subfield>
   <subfield code="a">22</subfield>
   <subfield code="a">23</subfield>
   <subfield code="a">24</subfield>
   <subfield code="a">25</subfield>
   <subfield code="a">26</subfield>
   <subfield code="b">10-05-17</subfield>
   <subfield code="c">m</subfield>
   <subfield code="d">z  </subfield>
   <subfield code="e">-</subfield>
   <subfield code="f">gre</subfield>
   <subfield code="g">gr </subfield>
   <subfield code="h">0</subfield>
  </datafield>
  <datafield tag="942" ind1=" " ind2=" ">
   <subfield code="2">ddc</subfield>
   <subfield code="c">KALLIPOS</subfield>
  </datafield>
 </record>
</collection>
